Tous les pays modernes qui ont été sous domination turque - Statistiques

Statistiques générales
  • Ce quiz a été pris 14 540 fois
  • Le résultat moyen est 71 sur 79
Réponses sur la Carte
Les réponses sont colorées sur une échelle allant du rouge au vert en fonction du pourcentage des utilisateurs qui les ont devinées à leur premier essai. Vous pouvez retrouver ces pourcentages ci-dessous.
 
Statistiques - réponses
Pays % Correct
Russie
99%
Algérie
98%
Chine
98%
Inde
98%
Maroc
98%
Turquie
98%
Égypte
97%
Grèce
97%
Tunisie
97%
Ukraine
97%
Arabie Saoudite
96%
Iran
96%
Mongolie
96%
Allemagne
95%
Autriche
95%
Irak
95%
Libye
95%
Roumanie
95%
Croatie
94%
Kazakhstan
94%
Pakistan
94%
Pologne
94%
Albanie
93%
Biélorussie
93%
Hongrie
93%
Israël
93%
Syrie
93%
Bulgarie
92%
République tchèque
92%
Serbie
92%
Slovaquie
92%
Soudan
92%
Yémen
92%
Afghanistan
91%
Émirats arabes unis
91%
Indonésie
91%
Kosovo
91%
Oman
91%
Ouzbékistan
91%
Qatar
91%
Arménie
90%
Bosnie-Herzégovine
90%
Chypre
90%
Finlande
90%
Jordanie
90%
Macédoine
90%
Népal
90%
Somalie
90%
Turkménistan
90%
Géorgie
89%
Liban
89%
Mali
89%
Moldavie
89%
Monténégro
89%
Azerbaïdjan
88%
Bangladesh
88%
Éthiopie
87%
Mauritanie
87%
Soudan du Sud
87%
Slovénie
86%
Koweït
85%
Tadjikistan
85%
Érythrée
84%
Estonie
84%
Kirghizistan
84%
Malaisie
84%
Bhoutan
83%
Sri Lanka
83%
Thaïlande
83%
Singapour
81%
Birmanie
80%
Djibouti
80%
République démocratique du Congo
79%
Kenya
76%
Tanzanie
72%
Burkina Faso
71%
Ouganda
71%
Tchad
71%
République centrafricaine
69%
Aucun quiz correspondant
Distribution des résultats
% des personnes avec chaque résultat
Percentile par nombre de réponses
Votre historique - résultats
Vous n’avez pas pris ce quiz